Joueurs bêta inazuma eleven victory road - Statistiques

Statistiques générales
  • Ce quiz a été pris 230 fois
  • Le résultat moyen est 30 sur 47
Statistiques - réponses
Équipe Joueur/se % Correct
Inazuma All-Stars Mark Evans
99%
Inazuma All-Stars Axel Blaze
91%
Inazuma All-Stars Jack Wallside
87%
Maîtres d’Alius Xene
86%
Inazuma All-Stars Arion Sherwind
85%
Maîtres d’Alius Dvalin
85%
Champions Nationaux Jude Sharp
84%
Champions Nationaux Shawn Froste
82%
Inazuma All-Stars Nathan Swift
78%
Inazuma All-Stars Victor Blade
78%
Inazuma All-Stars Xavier Foster
78%
Maîtres d’Alius Bellatrix
76%
Inazuma All-Stars Darren LaChance
76%
Maîtres d’Alius Torch
75%
Maîtres d’Alius Gazelle
74%
Champions Nationaux Riccardo Di Rigo
73%
Champions Nationaux Gabriel Garcia
72%
Champions Nationaux Kevin Dragonfly
72%
Inazuma All-Stars Goldie Lemmon
68%
Champions Nationaux Samguk Han
68%
Champions Nationaux Zanark Avalonic
68%
Champions Nationaux Bailong
67%
Inazuma All-Stars Byron Love
67%
Maîtres d’Alius Janus
66%
Champions Nationaux Scott Banyan
66%
Inazuma All-Stars Heath Moore
65%
Champions Nationaux Tezcat
65%
Inazuma All-Stars Hurley Kane
63%
Inazuma All-Stars Jean-Pierre Lapin
63%
Champions Nationaux Caleb Stonewall
62%
Champions Nationaux Suzette Hartland
61%
Champions Nationaux Victoria Vanguard
61%
Champions Nationaux Aitor Cazador
59%
Inazuma All-Stars Fei Rune
59%
Inazuma All-Stars Sonny Wright
59%
Champions Nationaux Erik Eagle
55%
Champions Nationaux Eliott Ember
53%
Inazuma All-Stars Jordan Greenway
51%
Maîtres d’Alius Wittz
42%
Maîtres d’Alius Zell
39%
Maîtres d’Alius Gocker
34%
Maîtres d’Alius Neppten
33%
Maîtres d’Alius Zohen
29%
Maîtres d’Alius Icer
27%
Maîtres d’Alius Clear
25%
Maîtres d’Alius Kormer
20%
Maîtres d’Alius Lean
16%
Aucun quiz correspondant
Distribution des résultats
% des personnes avec chaque résultat
Percentile par nombre de réponses
Votre historique - résultats
Vous n’avez pas pris ce quiz